<?xml version="1.0" encoding="UTF-8"?>
<collection xmlns:xsi="http://www.w3.org/2001/XMLSchema-instance" xsi:schemaLocation="http://www.loc.gov/MARC21/slim http://www.loc.gov/standards/marcxml/schema/MARC21slim.xsd" xmlns="http://www.loc.gov/MARC21/slim">
 <record>
  <leader>00000nam a22000004a 4500</leader>
  <controlfield tag="001">UP-8027295163992785640</controlfield>
  <controlfield tag="003">Buklod</controlfield>
  <controlfield tag="005">20250514093339.0</controlfield>
  <controlfield tag="006">m     o  d        </controlfield>
  <controlfield tag="007">ta</controlfield>
  <controlfield tag="008">250514s2023    nyua    r     001 0 eng d</controlfield>
  <datafield tag="020" ind1=" " ind2=" ">
   <subfield code="a">9781265187712</subfield>
  </datafield>
  <datafield tag="037" ind1=" " ind2=" ">
   <subfield code="a">CHK-6358</subfield>
   <subfield code="b">NSGB Books Trading</subfield>
   <subfield code="c">Php9795.00</subfield>
  </datafield>
  <datafield tag="040" ind1="0" ind2=" ">
   <subfield code="a">DCHK</subfield>
   <subfield code="d">DCHK</subfield>
   <subfield code="e">rda</subfield>
  </datafield>
  <datafield tag="041" ind1=" " ind2=" ">
   <subfield code="a">eng</subfield>
  </datafield>
  <datafield tag="090" ind1=" " ind2=" ">
   <subfield code="a">RA 781</subfield>
   <subfield code="b">W45 2023</subfield>
  </datafield>
  <datafield tag="100" ind1="1" ind2=" ">
   <subfield code="a">Welk, Gregory J.</subfield>
   <subfield code="e">author</subfield>
   <subfield code="u">Iowa State University</subfield>
  </datafield>
  <datafield tag="245" ind1="1" ind2="0">
   <subfield code="a">Corbin's concepts of fitness and wellness</subfield>
   <subfield code="b">a comprehensive lifestyle approach</subfield>
   <subfield code="c">Gregory J. Welk [and three others].</subfield>
  </datafield>
  <datafield tag="250" ind1=" " ind2=" ">
   <subfield code="a">Thirteenth edition.</subfield>
  </datafield>
  <datafield tag="264" ind1=" " ind2="0">
   <subfield code="a">New York</subfield>
   <subfield code="b">McGraw Hill</subfield>
   <subfield code="c">©2023</subfield>
  </datafield>
  <datafield tag="300" ind1=" " ind2=" ">
   <subfield code="a">xxii, 522 pages</subfield>
   <subfield code="b">color illustrations</subfield>
   <subfield code="c">28 cm</subfield>
  </datafield>
  <datafield tag="336" ind1=" " ind2=" ">
   <subfield code="a">text</subfield>
   <subfield code="2">rdacontent</subfield>
  </datafield>
  <datafield tag="337" ind1=" " ind2=" ">
   <subfield code="a">unmediated</subfield>
   <subfield code="2">rdamedia</subfield>
  </datafield>
  <datafield tag="338" ind1=" " ind2=" ">
   <subfield code="a">volume</subfield>
   <subfield code="2">rdacarrier</subfield>
  </datafield>
  <datafield tag="500" ind1=" " ind2=" ">
   <subfield code="a">&quot;This International student edition is for use outside of the U.S.&quot; -- book cover</subfield>
  </datafield>
  <datafield tag="505" ind1="0" ind2=" ">
   <subfield code="a">Section I. Lifestyle for health, wellness, and fitness -- Section II. Foundations of physical activity -- Section III. Engaging in regular physical activity -- Section IV. Establishing healthy eating habits -- Section V. Managing stress -- Section VI. Avoiding destructive behaviors -- Section VII. Adopting preventive habits -- Appendixes</subfield>
  </datafield>
  <datafield tag="520" ind1=" " ind2=" ">
   <subfield code="a">Corbin's concept of fitness and wellness provides a comprehensive and evidence-based approach to teaching principles of health living. Foundational elements include an integrated instructional HELP philosophy that focuses on self-management skills for sustained lifestyle change, a concepts-based framework designed for achieving well-defined learning objectives, and an engaging, student-centered format that accommodates various learning preferences and methods</subfield>
  </datafield>
  <datafield tag="650" ind1=" " ind2="0">
   <subfield code="a">Physical fitness.</subfield>
  </datafield>
  <datafield tag="650" ind1=" " ind2="0">
   <subfield code="a">Exercise.</subfield>
  </datafield>
  <datafield tag="650" ind1=" " ind2="0">
   <subfield code="a">Health.</subfield>
  </datafield>
  <datafield tag="700" ind1="1" ind2=" ">
   <subfield code="a">Corbin, Charles B.</subfield>
   <subfield code="e">author</subfield>
   <subfield code="u">Arizona State University.</subfield>
  </datafield>
  <datafield tag="700" ind1="1" ind2=" ">
   <subfield code="a">Corbin, William R.</subfield>
   <subfield code="e">author</subfield>
   <subfield code="u">Arizona State University.</subfield>
  </datafield>
  <datafield tag="700" ind1="1" ind2=" ">
   <subfield code="a">Welk, Karen</subfield>
   <subfield code="e">author</subfield>
   <subfield code="u">Mary Greely medical Center, Ames, Iowa.</subfield>
  </datafield>
  <datafield tag="905" ind1=" " ind2=" ">
   <subfield code="a">FO</subfield>
  </datafield>
  <datafield tag="852" ind1="0" ind2=" ">
   <subfield code="a">UPD</subfield>
   <subfield code="b">DCHK</subfield>
   <subfield code="h">RA 781</subfield>
   <subfield code="i">W45 2023</subfield>
  </datafield>
  <datafield tag="942" ind1=" " ind2=" ">
   <subfield code="a">Book</subfield>
  </datafield>
 </record>
</collection>
